000 00556nam a2200205Ia 4500
003 OSt
005 20220926043714.0
006 a|||||r|||| 00| 0
007 ta
008 220923b |||||||| |||| 00| 0 eng d
037 _cGeneral Book
040 _aRTL
_cRTL
_beng
041 _2eng
_aeng
082 _aY21y7
100 _aPincus Lily Ed.
_9348135
245 0 _aMarriage
_b Studies in emotional conflict and growth
650 _aMarriage and Kinship
_9230715
942 _hY21y7
_cGB
_2CC
999 _c672975
_d672975